000 00752nam a22002177a 4500
005 20100807143047.0
010 _aENG-98796
020 _a9789380060041
_c120.00
035 _aEN-82328
037 _bDBAD/PUB
082 _a338.7
100 _aSakthivel, A.
_98623
245 _aBusiness economics :
_cby A.Sakthivel
_bfor B.A,B.Com. and B.B.A Courses /
260 _asalem
_bM.S.K Publications
_c2009
270 _a3/189-E,Athanoor Ammaan Kovi St.,Masinayaganpatti
_bsalem
300 v _a201p.:
_c23cm (pbk)
_bill.
700 _98297
700 _98298
942 _2ddc
_cEN
_h338.7
_mSAK
999 _c40090
_d40090